| 000 | 01255nam a2200265Ia 4500 | ||
|---|---|---|---|
| 999 |
_c5009 _d5009 |
||
| 003 | OSt | ||
| 005 | 20200423134420.0 | ||
| 008 | 191128s2012 ck 000 0 und d | ||
| 020 | _a9789589136386 | ||
| 040 |
_aCO-JMCR _cCO-JMCR |
||
| 041 | 0 | _aspa | |
| 082 | 0 | 4 |
_a303.69 / _bC521a |
| 100 | 1 |
_aChernick, Marc, _eautor _93435 |
|
| 245 | 1 | 0 |
_aAcuerdo posible solución : _bnegociada al conflicto armado colombiano / _cMarc Chernick |
| 250 | _aTercera edición | ||
| 260 |
_aBogotá : _bAurora, _c2012 |
||
| 300 |
_a283 páginas ; _c24 cm. |
||
| 504 | _aBibliografía: páginas 275-283. | ||
| 505 | _aEl proceso de paz colombiano desde una perspectiva comparativa -- Los procesos de paz: de La Uribe (1984) a Uribe (2002) -- La comunidad internacional y la paz -- Injusticia, violencia, amnistía y paz -- Injusticia, violencia, amnistía y paz | ||
| 520 | _aLa sociedad colombiana está urgida de resolver el prolongado conflicto interno armado. Marc Chernick es profesor asociado de Ciencia Política y director de la maestría en Estudios Latinoamericanos en el Centro de Estudios Latinoamericanos. | ||
| 650 | 1 | 4 |
_aViolencia _zColombia _93436 |
| 650 | 2 | 4 |
_aConflicto armado _zColombia _93437 |
| 650 | 2 | 4 |
_aPaz _zColombia _93438 |
| 942 |
_2ddc _cBK |
||